Transportní zařízení /

Guardado en:
Detalles Bibliográficos
Autor principal: Dražan, František (xxx)
Otros Autores: Kupka, Ladislav (xxx)
Formato: Libro
Lenguaje:checo
Publicado: Praha : SNTL, 1966
Materias:
Etiquetas: Agregar Etiqueta
Sin Etiquetas, Sea el primero en etiquetar este registro!

MARC

LEADER 00000nam a22000003a 4500
001 stu43563
005 20150617225720.9
008 941108s1966----cs------------------cze-d
040 |a STU  |b slo 
041 0 |a cze 
044 |a cs 
080 |a 621.867 
100 1 |a Dražan, František  |4 xxx 
245 1 |a Transportní zařízení /  |c František Dražan, Ladislav Kupka a kol 
260 |a Praha :  |b SNTL,  |c 1966 
300 |a 454 s 
650 7 |a transportné zariadenia  |2 stusub 
700 1 |a Kupka, Ladislav  |4 xxx 
996 |b 284J015522  |c J*7783  |l JJSK  |s A  |a 24  |w stu43563_0001 
996 |b 284J015523  |c J*7786  |l JJSK  |s A  |a 24  |w stu43563_0002 
996 |b 284M012786  |c M*5375-1  |l MMKN  |s A  |a 24  |w stu43563_0003